|
|
|
|
| LEADER |
00810nam a2200217 a 4500 |
| 001 |
3063984 |
| 008 |
090714s1996 enka 001 0 eng d |
| 010 |
|
|
|a 96196867
|
| 020 |
|
|
|a 0571176046 (pbk.)
|
| 040 |
|
|
|a DLC
|c DLC
|d DLC
|
| 082 |
0 |
0 |
|a 821/.7
|2 21
|
| 100 |
1 |
|
|a Coleridge, Samuel Taylor,
|d 1772-1834.
|
| 240 |
1 |
0 |
|a Poems.
|k Selections
|
| 245 |
1 |
2 |
|a A choice of Coleridge's verse /
|c edited and introduced by Ted Hughes.
|
| 260 |
|
|
|a London :
|b Faber and Faber,
|c 1996.
|
| 300 |
|
|
|a viii, 232 p. :
|b ill. ;
|c 20 cm.
|
| 504 |
|
|
|a Includes index.
|
| 700 |
1 |
|
|a Hughes, Ted,
|d 1930-1998.
|
| 852 |
4 |
|
|a Ayesha Abed Library
|j General shelf.
|
| 999 |
|
|
|c 2414
|d 2414
|
| 952 |
|
|
|0 0
|1 0
|2 ddc
|4 0
|6 821_700000000000000_HUG_1988
|7 0
|9 2234
|a BRACUL
|b BRACUL
|c GEN
|d 2009-07-14
|g 1019.00
|l 0
|o 821.7 HUG
|p 3010016589
|r 2009-07-14
|t 1
|w 2009-07-14
|y BK
|